[Event "Cup Rector (cat.9)"]
[Site "Belgorod (Russia)"]
[Date "2008.02.27"]
[Round "3"]
[White "Grigoryan Avetik (ARM)"]
[Black "Gasanov Eldar (UKR)"]
[Result "1-0"]
[WhiteElo "2513"]
[BlackElo "2550"]

{ Gasanov Eldar (UKR) +0 =1 -1 } 1.d4 d6 2.Nf3 Bg4 3.c4 Bxf3 4.exf3 c6 5.Nc3
g6 { ? } ( 5...Nf6 6.g4 e6 7.g5 Nfd7 8.d5 cxd5 9.cxd5 e5 10.f4 Be7 11.fxe5
Nxe5 12.f4 Ned7 13.Bd3 Na6 14.Kf1 Nac5 15.Bc2 a5 16.Be3 O-O 17.h4 Re8 18.Bd4
Bf8 19.h5 b5 20.Qb1 h6 21.gxh6 Nf6 22.hxg7 Bxg7 23.h6 Bh8 24.Rg1+ Kf8 25.h7 {
...1-0, Avrukh Boris 2614 - Sanduleac Vasile 2486 , Istanbul 2003 Ch Europe }
) ( 5...Nd7 6.Be2 g6 7.O-O Bg7 8.f4 Ngf6 9.d5 cxd5 10.cxd5 O-O 11.Re1 Nc5
12.Bf3 Nfd7 13.Be3 Nb6 14.Bd4 Bxd4 15.Qxd4 Qd7 16.b3 a5 17.Re3 Nc8 18.g4 Ra6
19.Rae1 Rb6 20.Ne2 Qb5 21.g5 a4 22.bxa4 Qxa4 23.Qxa4 Nxa4 24.Bg4 Rb2 25.Rc1 {
...1-0, Tkachiev Vladislav 2615 - Romero Holmes Alfonso 2465 , Las Palmas 1997
It (open) "Gran Canaria" } ) 6.g3 ( 6.Be2 Bg7 7.O-O Nh6 8.d5 Nf5 9.Bd3 Nd4
10.Re1 Nd7 11.Bg5 Ne5 12.f4 h6 13.Bh4 g5 14.fxe5 gxh4 15.exd6 Qxd6 16.Qg4 Kf8
17.Qxh4 Qf6 18.Qh3 Rd8 19.Rad1 h5 20.Ne4 Qf4 21.Nc5 Qc7 22.Bf5 cxd5 23.Nd7+
Rxd7 24.Bxd7 e6 25.Bxe6 fxe6 { ...1-0, Khalifman Alexander 2655 - Rashkovsky
Nukhim N 2560 , Moscow 1995 It "Kremlin Stars" (qual) } ) 6...Bg7 7.Bg2 (
7.Be3 Nf6 8.f4 O-O 9.Bg2 e6 10.O-O d5 11.c5 b6 12.b4 a5 13.a3 Nfd7 14.Qd2 Na6
15.Rab1 Nc7 16.Rfc1 axb4 17.axb4 Qe7 18.Bf1 b5 19.Ra1 f6 20.Bh3 h5 21.f5 gxf5
22.Qe2 Qf7 23.Qf3 Qg6 24.Qf4 Ne5 25.dxe5 fxe5 26.Qg5 Kf7 { ...1-0, Giorgadze
Giorgi 2625 - Movsziszian Karen 2485 , Bad Zwesten 1997 It (open) } ) ( 7.d5
Nf6 8.Bg2 cxd5 9.cxd5 O-O 10.O-O Na6 11.f4 Qd7 12.Re1 Rfe8 13.Bf3 h5 14.Be3
Ng4 15.Bd4 Bxd4 16.Qxd4 Nf6 17.Re3 Nc5 18.Rae1 b5 19.b4 Na4 20.Ne4 Nh7 21.Be2
Rac8 22.Bd3 Nb6 23.h4 Nc4 24.R3e2 e5 25.dxe6 Rxe6 26.Ng5 Nxg5 { ...1-0, Miton
Kamil 2638 - Gritsak Orest 2542 , Warsaw 16.12.2006 Ch Europe (active) } )
7...Nd7 { N } ( 7...Nf6 8.f4 ( 8.d5 O-O 9.O-O Nbd7 10.f4 Rc8 11.Be3 cxd5
12.cxd5 Nb6 13.Bd4 Nfd7 14.Bxg7 Kxg7 15.f5 a6 16.Re1 Re8 17.Rc1 Nf6 18.g4 Nfd7
19.g5 Kg8 20.fxg6 hxg6 21.Re4 Rc4 22.b3 Rxe4 23.Nxe4 Qb8 24.Rc3 Rc8 25.Rh3 Qc7
26.Qd4 Qc1+ 27.Bf1 { ...1-0, Sutkovic Damir 2301 - Rukavina Josip 2418 , Omis
14.10.2005 It (open) "Goodbye Summer" } ) 8...O-O 9.O-O Na6 10.d5 cxd5 11.Nxd5
Nc5 12.Ne3 Qd7 13.b4 Na4 14.Bd2 Rac8 15.Qb3 b5 16.Rac1 Nb6 17.cxb5 Qxb5
18.Rfe1 e6 19.Bf1 Qd7 20.Ba6 Rxc1 21.Rxc1 Ne4 22.Be1 d5 23.Ng4 f6 24.f3 Nd6
25.Bf2 h5 26.Ne3 f5 27.Qc2 { ...1-0, Mikhalevski Victor 2598 - Ibragimov Ildar
2598 , Philadelphia 3. 6.2007 It "World Open" } ) ( 7...e6 8.O-O ( 8.d5 Bxc3+
9.bxc3 cxd5 10.cxd5 e5 11.O-O Ne7 12.f4 Nd7 13.fxe5 Nxe5 14.Rb1 Qc7 15.f4 Nd7
16.Re1 Kf8 17.Bh3 Nc5 18.f5 h6 19.Qd4 Rh7 20.f6 Ng8 21.Rb2 Re8 22.Rbe2 Rxe2
23.Rxe2 Qd8 24.Rf2 b6 25.Ba3 h5 26.Bc1 Qe8 27.Bf4 { ...1-0, Casella Michael
2259 - Slupik Christopher, Burbank 5. 9.2004 It (open) "Southern California" }
) 8...Ne7 9.d5 cxd5 10.cxd5 Bxc3 11.bxc3 exd5 12.Re1 O-O 13.Rb1 Qc7 14.Bh6 Rc8
15.Bh3 Nbc6 16.Bxc8 Rxc8 17.Bg5 Nf5 18.Qxd5 Qa5 19.Qxa5 Nxa5 20.Bf6 Ng7 21.Rb5
b6 22.Re7 Ne8 23.Bd4 Nc6 24.Rd7 Kf8 25.Rb1 Nc7 26.Rxd6 Na5 27.Bf6 { ...1-0,
Goric Esad 2397 - Hadzic Amar 2140 , Jahorina 2003 Ch Bosnia & Herzegovina
(team) } ) ( 7...Qb6 8.d5 Nf6 9.O-O O-O 10.Re1 Re8 11.Qb3 Qc7 12.f4 Nbd7 13.h3
cxd5 14.cxd5 Nc5 15.Qd1 a6 16.Be3 Rac8 17.Rc1 Qb8 18.b4 Ncd7 19.Qb3 b5 20.Ne2
Nb6 21.Nd4 Nc4 22.Nc6 Qb7 23.a4 Qd7 24.Bd4 e6 25.axb5 axb5 26.dxe6 fxe6 27.Na5
{ ...1-0, Verevotchkina Elena 2152 - Gansvind Valeriya I 2245 , Serpukhov 1999
Ch Russia (w) } ) 8.f4 ( 8.O-O Nb6 9.Qd3 d5 ( 9...Qd7 { +0.56 CAP } ) 10.c5
Nd7 11.Re1 e6 12.Bf4 Ne7 13.g4 O-O 14.b4 Re8 15.Qd2 a5 16.b5 b6 17.Bg5 cxb5
18.c6 Nb8 19.Nxb5 Nbxc6 20.Qf4 Qb8 21.Qd2 Qd8 22.Qf4 Qd7 23.Bf1 Rf8 24.Bf6
Bxf6 25.Qxf6 Nc8 26.Rac1 Nd6 27.Re3 Nb4 { ...1/2-1/2, Agamaliev Gamil 2479 -
Zvjaginsev Vadim 2677 , Alma-Ata 1991 Ch URS (juniors) } ) ( 8.Be3 Ngf6 9.d5
O-O 10.O-O Qa5 11.f4 Nb6 12.Qb3 Rac8 13.Rfe1 Rfe8 14.Bh3 Rcd8 15.Rad1 Nfd7
16.Ne4 Nc5 17.Nxc5 dxc5 18.Bd2 Qa4 19.Qxa4 Nxa4 20.Ba5 b6 21.dxc6 Rxd1 22.Rxd1
bxa5 23.c7 Nb6 24.Rd8 Rf8 25.Bd7 e5 26.Kg2 exf4 27.gxf4 Bf6 { ...0-1, Ftacnik
Lubomir 2580 - Chandler Murray G 2540 , Brisbane 3. 1.2006 Ch Australia } )
8...Nh6 { +0.15 CAP } ( 8...Ngf6 9.d5 O-O 10.O-O Nb6 11.Qe2 Rc8 12.Rd1 Re8
13.Be3 cxd5 14.cxd5 Nfd7 15.Bd4 a6 16.h4 Bxd4 17.Rxd4 Nf6 18.Nd1 Rc7 19.Ne3
Qc8 20.Kh2 Rc1 21.Bh3 Qc5 22.Rxc1 Qxd4 23.Rd1 Qc5 24.Qf3 Qb5 25.b3 Qa5 26.g4
Qxa2 27.g5 Nfd7 28.h5 { ...1-0, Eingorn Vereslav S 2585 - Zilberman Yaacov
2460 , Oberwart 1994 It (open) } ) ( 8...h5 9.O-O Nh6 10.Be3 Nf5 11.Bh3 Nf6
12.Bxf5 gxf5 13.Qd3 h4 14.Qxf5 e6 15.Qd3 Ng4 16.Kg2 hxg3 17.hxg3 Qf6 18.Rh1
O-O-O 19.Rad1 d5 20.cxd5 exd5 21.b4 Rhe8 22.Na4 Re7 23.Rhe1 Rde8 24.b5 Kb8
25.bxc6 Qxc6 26.Nc5 Qh6 27.Rh1 Qd6 28.Rde1 { ...1-0, Modr Bretislav 2317 -
Bree Thomas 2272 , Dortmund 1999 It (open) (a) } ) 9.g4 { N } ( 9.Be3 Nf5
10.Bh3 e6 11.d5 Nxe3 12.fxe3 exd5 13.cxd5 c5 14.Qb3 O-O 15.O-O-O Nb6 16.e4 Rb8
17.Rhe1 Re8 18.Kb1 a6 19.e5 dxe5 20.f5 e4 21.Nxe4 Bd4 22.fxg6 hxg6 23.d6 Kg7
24.Rf1 Rf8 25.Nxc5 Qxd6 26.Rxf7+ Rxf7 27.Ne6+ Kh8 28.Rxd4 Qe5 { ...1-0, Almada
Enrique 2347 - Vezzosi Paolo 2357 , Switzerland 3. 9.2005 Ch Switzerland
(team) 2005 } ) ( 9.O-O Nf5 10.d5 c5 11.Bh3 Nd4 12.Ne2 b5 13.Nxd4 Bxd4 14.cxb5
Nf6 15.Qe2 O-O 16.Bg2 Qd7 17.Be3 Bxe3 18.fxe3 Rfb8 19.a4 a6 20.e4 axb5 21.e5
dxe5 22.fxe5 Nxd5 23.e6 Qxe6 24.Qf2 Rxa4 25.Rae1 Qf6 26.Bxd5 Qxf2+ 27.Rxf2 e6
28.Bc6 Ra6 { ...1/2-1/2, Ivanov Mikhail M 2445 - Nesterov Jakov 2470 , Moscow
1995 It } ) 9...Nb6 10.b3 d5 11.cxd5 c5 12.f5 Bxd4 13.Bd2 gxf5 14.h3 Qd6
15.Qe2 fxg4 16.O-O-O Qg6 { ?! } ( 16...Qe5 { !? } 17.Qxe5 Bxe5 18.d6 gxh3
19.Bxb7 Ng4 20.Bc6+ Kd8 21.Bxa8 Nxf2 22.dxe7+ Kxe7 23.Rhe1 { } ) 17.d6 e5
18.Bxb7 Rb8 19.Bc6+ Kf8 20.Nb5 f6 21.hxg4 Nxg4 22.Rdg1 Rg8 23.Be4 f5 24.Qf3 h5
25.Bxf5 Qf7 26.Bxg4 hxg4 27.Bh6+ { } {#r} 1-0

[Event "It (open)"]
[Site "Bad Woerishofen (Germany)"]
[Date "2008.02.28"]
[Round "1"]
[White "Burmakin Vladimir (RUS)"]
[Black "Pichl Michael (GER)"]
[Result "1-0"]
[WhiteElo "2625"]
[BlackElo "2074"]

1.d4 d6 2.g3 g6 3.Bg2 Bg7 4.e4 c5 5.dxc5 Qa5+ 6.c3 Qxc5 7.Be3 Qc7 8.Ne2 Nf6
9.h3 O-O 10.O-O a6 11.Na3 Nbd7 12.c4 Rb8 13.Nc3 e6 14.Qd2 Rd8 15.Rfd1 Bf8
16.Bf4 Nb6 17.Rac1 e5 18.Bxe5 Be7 19.Bf4 Be6 20.c5 Nc8 21.cxd6 {#r} 1-0

[Event "Cup Spring (cat.9)"]
[Site "Cheliabinsk (Russia)"]
[Date "2008.03.09"]
[Round "3"]
[White "Fazulyanov Sergey (RUS)"]
[Black "Yatsenko Alexey (RUS)"]
[Result "0-1"]
[WhiteElo "2395"]
[BlackElo "2469"]

1.d4 d6 2.c4 e5 3.e3 c6 4.b3 Nf6 5.Bb2 Nbd7 6.Nf3 e4 7.Nfd2 d5 8.Nc3 Be7 9.f3
exf3 10.Qxf3 Nf8 11.e4 dxe4 12.Ncxe4 Ng6 13.O-O-O Nxe4 14.Nxe4 f5 15.Ng3 O-O
16.Nh5 Rf7 17.Kb1 Nh4 18.Qc3 f4 19.Be2 Bf5+ 20.Ka1 Nxg2 21.Rhg1 Ne3 22.Rc1 Qd6
23.Nxg7 Rxg7 24.d5 Bf6 25.Qxf6 Nc2+ 26.Kb1 Nd4+ {#R} 0-1

[Event "It (juniors) (under 20)"]
[Site "Los Llanos de Ariadne (Spain)"]
[Date "2008.03.18"]
[Round "5"]
[White "Danelia Mariam (GEO)"]
[Black "Vega Gutierrez Belinda (ESP)"]
[Result "1-0"]
[WhiteElo "2218"]
[BlackElo "2225"]

1.d4 d6 2.c4 e5 3.e3 c6 4.Nc3 Be7 5.Bd3 exd4 6.exd4 Nf6 7.Nge2 Nbd7 8.O-O O-O
9.Ng3 c5 10.dxc5 Nxc5 11.Bc2 Be6 12.Nd5 Na6 13.Re1 Re8 14.Ba4 Bd7 15.Bc2 Nxd5
16.cxd5 Qa5 17.Bf4 Bf8 18.Rxe8 Rxe8 19.Ne4 Qb6 20.a3 Qxb2 21.Rb1 Qa2 22.Ra1
Qc4 23.Bd3 Ba4 24.Nf6+ Kh8 25.Bxc4 {#r} 1-0

[Event "It (open)"]
[Site "Foxwoods (USA)"]
[Date "2008.03.22"]
[Round "6"]
[White "Szuper Paul (USA)"]
[Black "Sarkar Justin (USA)"]
[Result "0-1"]
[WhiteElo "2168"]
[BlackElo "2451"]

1.d4 d6 2.Nf3 g6 3.c4 f5 4.Nc3 Nf6 5.e3 Bg7 6.Rb1 O-O 7.b4 e5 8.d5 a5 9.a3
axb4 10.axb4 c6 11.Be2 h6 12.h4 cxd5 13.cxd5 Nxd5 14.g3 Qc7 15.Bb2 Nc6 16.Qc2
Ra5 17.O-O Rb5 18.Bxb5 Qf7 19.Bc4 e4 20.Nd4 h5 21.b5 Rd8 {#R} 0-1

[Event "Ch Europe"]
[Site "Plovdiv (Bulgaria)"]
[Date "2008.04.21"]
[Round "1"]
[White "Khalifman Alexander (RUS)"]
[Black "Sanduleac Vasile (MDA)"]
[Result "1-0"]
[WhiteElo "2622"]
[BlackElo "2443"]

1.d4 d6 2.g3 g6 3.Bg2 Bg7 4.Nf3 e5 5.dxe5 dxe5 6.Qxd8+ Kxd8 7.O-O f6 8.Nc3 Ne7
9.Rd1+ Ke8 10.Nb5 Na6 11.Ne1 Nc6 12.Nd3 Bd7 13.Be3 Bf8 14.a4 Bd6 15.Nxa7 Rxa7
16.Bxc6 b6 17.Bxd7+ Kxd7 18.a5 Kc6 19.axb6 cxb6 20.b4 Kb7 21.c3 Rd8 22.Nb2 Bc7
23.Rxd8 Bxd8 24.Rd1 Bc7 25.Nc4 Kb8 26.b5 {#r} 1-0

[Event "It (open)"]
[Site "Dubrovnik (Croatia)"]
[Date "2008.04.26"]
[Round "5"]
[White "Drazic Sinisa (SRB)"]
[Black "Biti Ozren (CRO)"]
[Result "1-0"]
[WhiteElo "2528"]
[BlackElo "2346"]

1.d4 d6 2.Nf3 g6 3.g3 Bg7 4.Bg2 Nd7 5.O-O e5 6.e4 Ne7 7.Nc3 O-O 8.Be3 Nc6 9.h3
exd4 10.Nxd4 Nde5 11.Nde2 Nc4 12.Bc1 b5 13.b3 Nb6 14.a3 Bb7 15.Be3 b4 16.axb4
Nxb4 17.Qd2 Qe7 18.Rfe1 Rfd8 19.Rad1 d5 20.Nxd5 N4xd5 21.exd5 Bxd5 22.Bg5 f6
23.Nf4 Be4 24.Nd3 fxg5 25.Bxe4 {#r} 1-0

[Event "It (cat.10)"]
[Site "Alushta (Russia)"]
[Round "12"]
[White "Derjabin Ilja (UKR)"]
[Black "Bezgodov Alexei (RUS)"]
[Result "1-0"]
[WhiteElo "2409"]
[BlackElo "2475"]

1.d4 d6 2.c4 e5 3.d5 f5 4.e4 fxe4 5.Nc3 Nf6 6.Nge2 Bf5 7.Ng3 Bg6 8.Bg5 Be7
9.Bxf6 gxf6 10.h4 Qd7 11.h5 Bf7 12.Be2 f5 13.Qb3 b6 14.Qb5 e3 15.fxe3 Rg8
16.Nxf5 Rxg2 17.Bf3 Rg5 18.Nh6 Qxb5 19.Nxb5 Bd8 20.Ke2 Nd7 21.Rag1 Rxg1
22.Rxg1 e4 23.Bg4 a6 24.Nxc7+ Bxc7 25.Bxd7+ Kxd7 26.Rg7 {#r} 1-0

[Event "Cup President"]
[Site "Baku (Azerbaijan)"]
[Date "2008.05.17"]
[Round "6"]
[White "Beliavsky Alexander G (SLO)"]
[Black "Zozulia Anna (BEL)"]
[Result "1-0"]
[WhiteElo "2619"]
[BlackElo "2380"]

1.d4 d6 2.Nf3 Bg4 3.e4 Nd7 4.h3 Bh5 5.Be2 Bg6 6.Nc3 e5 7.O-O Ngf6 8.Re1 Be7
9.Bf1 O-O 10.a4 c6 11.g3 Ne8 12.a5 Nc7 13.Be3 Ne6 14.Bg2 Qc7 15.d5 Nec5 16.Nd2
cxd5 17.Nxd5 Qd8 18.b4 Ne6 19.Nc4 Nf6 {#r} 1-0

[Event "It (open)"]
[Site "Zagreb (Croatia)"]
[Date "2008.05.17"]
[Round "7"]
[White "Jankovic Alojzije (CRO)"]
[Black "Jurkovic Ante (CRO)"]
[Result "1-0"]
[WhiteElo "2548"]
[BlackElo "2356"]

1.d4 d6 2.Nf3 Bg4 3.e4 e6 4.h3 Bh5 5.Nc3 Nf6 6.g4 Bg6 7.Qe2 a6 8.h4 h5 9.g5
Nfd7 10.Bh3 c6 11.O-O Be7 12.Ne1 d5 13.Nd3 dxe4 14.Nxe4 Nf8 15.c3 Bxe4 16.Qxe4
Qd5 17.Qe1 Nbd7 18.f4 g6 19.b3 c5 20.Bg2 Qf5 21.Bxb7 Ra7 22.Be4 Qg4+ 23.Kh2
{#r} 1-0

[Event "Tournament (Elo) (a)"]
[Site "Stockholm (Sweden)"]
[Date "2008.06.09"]
[Round "3"]
[White "Eriksson Jorgen (SWE)"]
[Black "Jansson Anders O (SWE)"]
[Result "1-0"]
[WhiteElo "2217"]
[BlackElo "2113"]

1.d4 d6 2.c4 e5 3.Nf3 e4 4.Nfd2 f5 5.g3 Nf6 6.Bg2 Be7 7.Nc3 O-O 8.f3 Nc6 9.d5
Ne5 10.Qc2 exf3 11.exf3 f4 12.Nde4 Nxe4 13.Nxe4 fxg3 14.f4 Ng4 15.hxg3 Bf5
16.Bf3 Nf6 17.Bd2 Qe8 18.O-O-O b5 19.Rde1 bxc4 20.Qxc4 Qg6 21.Ng5 Rfe8 22.Re3
Nd7 23.Bh5 Qh6 24.Bf7+ {#r} 1-0

[Event "Tournament (open)"]
[Site "Omsk (Russia)"]
[Date "2008.07.08"]
[Round "5"]
[White "Savostjanov Igor (RUS)"]
[Black "Pozdniakov Vladimir (RUS)"]
[Result "1-0"]
[WhiteElo "2089"]
[BlackElo "2251"]

1.d4 d6 2.Nf3 Bg4 3.c3 Nd7 4.h3 Bh5 5.e4 c6 6.Be3 e6 7.Nbd2 Be7 8.g4 Bg6 9.e5
d5 10.h4 h6 11.Be2 a6 12.c4 f6 13.h5 Bh7 14.Bf4 fxe5 15.dxe5 Qb6 16.Nb3 Bd8
17.Be3 Qb4+ 18.Bd2 Qe7 19.cxd5 cxd5 20.g5 {#r} 1-0

[Event "It (open)"]
[Site "Sabadell (Spain)"]
[Date "2008.07.14"]
[Round "2"]
[White "Almeida Omar (CUB)"]
[Black "Alcazar Pascual Lluis (ESP)"]
[Result "1-0"]
[WhiteElo "2519"]
[BlackElo "2027"]

1.d4 d6 2.Nf3 Bg4 3.c4 Nd7 4.Qb3 Rb8 5.h3 Bh5 6.Nc3 c6 7.Be3 Bxf3 8.exf3 g6
9.d5 c5 10.f4 Nh6 11.g4 Bg7 12.Be2 Qa5 13.O-O O-O 14.Bd2 Qd8 15.f5 Kh8 16.fxg6
fxg6 17.Ne4 Nf7 18.Bc3 Nf6 19.Ng3 Ng5 20.f4 Nge4 21.Nxe4 Nxe4 22.Bxg7+ Kxg7
23.g5 e5 24.dxe6 Nxg5 25.Qc3+ Kg8 26.fxg5 Qxg5+ 27.Kh2 Ra8 {#r} 1-0

[Event "It (open)"]
[Site "Pardubice (Czech Republic)"]
[Date "2008.07.19"]
[Round "2"]
[White "Bernasek Jan (CZE)"]
[Black "Espig Lutz (GER)"]
[Result "1-0"]
[WhiteElo "2444"]
[BlackElo "2345"]

1.d4 d6 2.c4 e5 3.d5 f5 4.Nc3 Nf6 5.e4 fxe4 6.Nge2 Bf5 7.Ng3 Bg6 8.h4 h6 9.Qc2
Nbd7 10.Be3 Be7 11.Ncxe4 Nxe4 12.Nxe4 O-O 13.h5 Bxe4 14.Qxe4 Bg5 15.Bd3 Nf6
16.Qg6 Bxe3 17.fxe3 e4 18.Be2 c6 19.O-O-O cxd5 20.g4 Qe8 21.Qf5 Qc8 22.Qf4 Qc5
23.g5 Nh7 24.Qg3 Rf5 25.gxh6 Rg5 26.Qh3 gxh6 27.Kb1 {#r} 1-0

[Event "Tournament (a)"]
[Site "Barcelona (Spain)"]
[Date "2008.07.23"]
[Round "5"]
[White "Abad Sanmartin Jorge (ESP)"]
[Black "Munoz Cuesta Josep (ESP)"]
[Result "1-0"]
[WhiteElo "2076"]
[BlackElo "2119"]

1.d4 d6 2.Nf3 Nd7 3.e4 c6 4.Bc4 b5 5.Bb3 Nb6 6.O-O Nf6 7.Qe2 Bg4 8.Bg5 h6
9.Bxf6 gxf6 10.Ne5 fxe5 11.Qxg4 exd4 12.c3 dxc3 13.Nxc3 e6 14.f4 h5 15.Qg3 h4
16.Qg4 Nc4 17.Bxc4 Qb6+ 18.Kh1 bxc4 19.Qe2 h3 20.g3 Rb8 21.Rab1 Qb4 22.f5 e5
23.Rfc1 Bh6 24.Rc2 Rb6 25.Rd1 Kd7 26.Qh5 Rh7 27.f6 Rb8 28.Qf5+ {#r} 1-0

[Event "It (open) "]
[Site "Tromsoe (Norway)"]
[Date "2008.08.02"]
[Round "1"]
[White "Johansson Anders (SWE)"]
[Black "Martinsen Stig K (NOR)"]
[Result "0-1"]
[WhiteElo "2005"]
[BlackElo "2173"]

1.d4 d6 2.Nf3 g6 3.g3 Bg7 4.Bg2 f5 5.e3 Nf6 6.b3 O-O 7.Nbd2 Nc6 8.Bb2 Qe8
9.O-O e5 10.dxe5 dxe5 11.Qe2 h6 12.Rfd1 Nh5 13.c4 e4 14.Nd4 Ne5 15.Nb5 Rf7
16.Rab1 a6 17.Na3 Bd7 18.c5 Bf8 19.Bd4 Nd3 20.Ndc4 Bxc5 21.Bxc5 Nxc5 22.Rd5
Nd3 23.Qc2 Nb4 24.Qd2 Nxd5 25.Qxd5 Bc6 26.Qd4 Rd8 {#R} 0-1

[Event "It (open)"]
[Site "Schwarzach (Austria)"]
[Date "2008.08.17"]
[Round "2"]
[White "Mlynek Petr (CZE)"]
[Black "Jovanovic Zoran (CRO)"]
[Result "0-1"]
[WhiteElo "2218"]
[BlackElo "2564"]

1.d4 d6 2.Nf3 g6 3.g3 Bg7 4.Bg2 c5 5.O-O cxd4 6.Nxd4 Qb6 7.c3 Nc6 8.Nxc6 bxc6
9.Qb3 Bd7 10.Na3 Nf6 11.Be3 Qa5 12.Qb7 O-O 13.Nc4 Qh5 14.Bxa7 Bh3 15.Bxh3 Qxh3
16.Ne3 Qd7 {#R} 0-1

[Event "Cup Karneval"]
[Site "Debrecen (Hungary)"]
[Date "2008.08.19"]
[Round "3"]
[White "Ats Laszlo (HUN)"]
[Black "Bakk Zoltan (HUN)"]
[Result "0-1"]
[WhiteElo "2124"]
[BlackElo "2070"]

1.d4 d6 2.h4 Nf6 3.Bf4 c5 4.d5 b5 5.e3 Qa5+ 6.Nc3 a6 7.Be2 Ne4 8.Qd3 Bf5 9.g4
Nxc3 10.Qxf5 Nxe2+ 11.Kxe2 Nd7 12.h5 Qb4 13.b3 g6 14.hxg6 hxg6 15.Rxh8 gxf5
16.Nf3 Qc3 17.Rah1 Qxc2+ 18.Nd2 O-O-O 19.gxf5 Qxf5 20.R1h5 Qc2 21.Rg8 Nf6 {#R}
0-1

[Event "It (cat.4)"]
[Site "Szombathely (Hungary)"]
[Date "2008.08.21"]
[Round "8"]
[White "Rapport Richard (HUN)"]
[Black "Majeric Zoran (CRO)"]
[Result "1-0"]
[WhiteElo "2323"]
[BlackElo "2296"]

1.d4 d6 2.Nf3 Bg4 3.e4 Nf6 4.Nc3 a6 5.h3 Bxf3 6.Qxf3 Nc6 7.d5 Ne5 8.Qe2 b5
9.Bg5 c5 10.f4 Nc4 11.e5 h6 12.Bh4 g5 13.Bf2 dxe5 14.fxe5 Nxd5 15.Qf3 e6
16.Bxc4 bxc4 17.O-O-O Be7 18.Nxd5 exd5 19.Rxd5 Qc8 20.Bxc5 Qe6 21.Rd6 Bxd6
22.Qxa8+ Kd7 23.Qb7+ {#r} 1-0

[Event "It (open)"]
[Site "Urumia (Iran)"]
[Date "2008.08.27"]
[Round "3"]
[White "Beheshtayeen A (IRI)"]
[Black "Gagunashvili Merab (GEO)"]
[Result "0-1"]
[WhiteElo "2220"]
[BlackElo "2576"]

1.d4 d6 2.Nf3 Bg4 3.Bf4 Bxf3 4.gxf3 g6 5.e4 Bg7 6.c3 Nf6 7.Qb3 Qc8 8.h4 Nbd7
9.Bh3 O-O 10.Nd2 c5 11.e5 Nh5 12.Bh2 cxd4 13.cxd4 dxe5 14.dxe5 Qc6 15.Qe3 Qd5
16.Bxd7 Qxd7 17.O-O-O Rac8+ 18.Kb1 Rfd8 19.a3 Qa4 20.Qe4 Rd4 {#R} 0-1

[Event "It (open)"]
[Site "Mislata (Spain)"]
[Date "2008.08.31"]
[Round "9"]
[White "Ivanov Jordan (BUL)"]
[Black "Galvan Jesus (PER)"]
[Result "1-0"]
[WhiteElo "2428"]
[BlackElo "2252"]

1.d4 d6 2.Nf3 Bg4 3.c4 Nd7 4.Qb3 Rb8 5.h3 Bh5 6.g4 Bg6 7.Nc3 e5 8.dxe5 dxe5
9.Be3 a6 10.O-O-O Qc8 11.Rxd7 Qxd7 12.Nxe5 Qd6 13.Nxg6 hxg6 14.Bg2 Qb4 15.Qc2
c6 16.Rd1 Rd8 17.Qe4+ Qe7 18.Rxd8+ Kxd8 19.Qf4 Qc7 20.Qd4+ Ke8 21.Bf4 Qd7
22.Qe5+ Kd8 23.Na4 g5 24.Qb8+ Qc8 25.Bc7+ {#r} 1-0

[Event "It (open) (seniors)"]
[Site "Rowy (Poland)"]
[Date "2008.09.01"]
[Round "3"]
[White "Ciszewski Eugeniusz (POL)"]
[Black "Kot Jerzy (POL)"]
[Result "0-1"]
[WhiteElo "2021"]
[BlackElo "2181"]

1.d4 d6 2.Nf3 g6 3.Bf4 Bg7 4.c3 Nf6 5.e3 O-O 6.h3 Nbd7 7.Nbd2 c6 8.a4 a5 9.Be2
Re8 10.O-O e5 11.dxe5 dxe5 12.Bh2 Qe7 13.Nc4 Nd5 14.e4 Nf4 15.Re1 Nc5 16.Qc2
f6 17.Nb6 Rb8 18.Nxc8 Nxe2+ 19.Qxe2 Rexc8 20.Nd2 Bh6 21.Nc4 b6 22.f3 Rd8
23.Red1 Rxd1+ 24.Qxd1 Rd8 25.Qb1 Nb3 26.Nxe5 fxe5 27.Qa2 Qf7 {#R} 0-1

[Event "It "]
[Site "Elista (Russia)"]
[Date "2008.09.18"]
[Round "4"]
[White "Pisanovsky Maxim (RUS)"]
[Black "Chashchev Sergey (RUS)"]
[Result "0-1"]
[WhiteElo "2088"]
[BlackElo "2299"]

1.d4 d6 2.c4 e5 3.d5 f5 4.e4 f4 5.Be2 Nf6 6.Nc3 Na6 7.g3 Nc5 8.Qc2 fxg3 9.hxg3
a5 10.Bg5 Be7 11.O-O-O O-O 12.f4 exf4 13.gxf4 h6 14.e5 dxe5 15.Bxh6 e4 16.Bg5
Bf5 17.Re1 Nh7 18.Bxe7 Qxe7 19.Nh3 a4 20.Reg1 a3 21.Rxg7+ Kxg7 22.Rg1+ Kh8
23.Ng5 e3 24.Qd1 Qf6 25.Ne6 axb2+ {#R} 0-1

[Event "Ch Region (open)"]
[Site "Nizhnij Novgorod (Russia)"]
[Round "0"]
[White "Belenov Dmitry N (RUS)"]
[Black "Akulov Alexandr (RUS)"]
[Result "1-0"]
[WhiteElo "2365"]
[BlackElo "2078"]

1.d4 d6 2.Nf3 g6 3.c4 Bg7 4.g3 Nc6 5.Bg2 e5 6.d5 Nce7 7.O-O f6 8.Nc3 Nh6 9.e4
O-O 10.b4 b6 11.c5 f5 12.Ng5 f4 13.Bb2 bxc5 14.bxc5 Rf6 15.Ba3 Nf7 16.Nxf7
Kxf7 17.Rc1 g5 18.Nb5 Ng8 19.cxd6 cxd6 20.Qh5+ Kf8 21.Nxd6 Ne7 22.Nxc8 Rxc8
23.Rxc8 Qxc8 24.d6 {#r} 1-0

[Event "Ch Slovenia (team) (2 league) West"]
[Site "Kranj (Slovenia)"]
[Date "2008.10.11"]
[Round "1"]
[White "Kodric Vladimir (SLO)"]
[Black "Biti Ozren (CRO)"]
[Result "0-1"]
[WhiteElo "2035"]
[BlackElo "2346"]

1.d4 d6 2.c4 e5 3.dxe5 dxe5 4.Qxd8+ Kxd8 5.Nc3 Be6 6.e4 Nd7 7.h4 c6 8.Nf3 h6
9.Be3 Ngf6 10.Bd3 Ng4 11.Ke2 Bb4 12.Nd1 Ke7 13.a3 Bc5 14.b4 Bxe3 15.Nxe3 a5
16.Nc2 Nb6 17.c5 Na4 18.Rhc1 Rhd8 19.Nfe1 Nb2 20.f3 Nf6 21.g4 Rd7 22.Ne3 Rad8
23.Rc3 Rd4 24.bxa5 Nd7 25.N3c2 Na4 {#R} 0-1

[Event "Ch France (team) (nat.1) 2008/09"]
[Site "France"]
[Date "2008.10.19"]
[Round "1"]
[White "Camus De Solliers Guillaume (FRA)"]
[Black "Jossien Remy (FRA)"]
[Result "1-0"]
[WhiteElo "2331"]
[BlackElo "2294"]

1.d4 d6 2.c4 g6 3.Nc3 Bg7 4.Nf3 Nd7 5.g3 e6 6.Bg2 Ne7 7.O-O h6 8.e4 O-O 9.d5
e5 10.Ne1 f5 11.Nd3 a6 12.f4 Kh7 13.Bd2 fxe4 14.Nxe4 exf4 15.Nxf4 Ne5 16.Rc1
Bf5 17.h3 Qe8 18.g4 Bd7 19.c5 Nc8 20.cxd6 Nxd6 21.Rxc7 Bb5 22.Nxd6 {#r} 1-0

[Event "Czech League 2008/09 (krajsky prebor)"]
[Site "Czech Republic"]
[Date "2008.10.19"]
[Round "1"]
[White "Caletka Radomir (CZE)"]
[Black "Cupek Martin (CZE)"]
[Result "0-1"]
[WhiteElo "2215"]
[BlackElo "2059"]

1.d4 d6 2.c4 Nd7 3.e4 e5 4.Nf3 c6 5.Nc3 g6 6.Be2 Nh6 7.h3 Bg7 8.Be3 f5 9.dxe5
dxe5 10.Bg5 Qc7 11.Qc2 f4 12.Bxh6 Bxh6 13.Nd2 Nc5 14.Nb3 Qe7 15.Nxc5 Qxc5
16.a3 O-O 17.Na4 Qe7 18.c5 Be6 19.Bc4 Rad8 20.Rd1 Rxd1+ 21.Kxd1 Rd8+ 22.Bd3
Qf7 23.Ke1 f3 {#R} 0-1

[Event "Ch Finland (team) 2008/09 (1 Division)"]
[Site "Finland"]
[Date "2008.11.08"]
[Round "3"]
[White "Tuominen Risto (FIN)"]
[Black "Sopanen Matti (FIN)"]
[Result "1-0"]
[WhiteElo "2268"]
[BlackElo "2116"]

1.d4 d6 2.Nf3 Bg4 3.c4 Bxf3 4.exf3 Nd7 5.f4 Ngf6 6.g4 c5 7.g5 Ng8 8.Bh3 Qb6
9.Bxd7+ Kxd7 10.d5 Rc8 11.Nc3 Kc7 12.Rb1 Kb8 13.Be3 Qb4 14.Qd3 g6 15.O-O Bg7
16.Nb5 Qa5 17.a3 Qd8 18.b4 Qd7 19.f3 a6 20.Nc3 e6 21.bxc5 dxc5 22.Ne4 exd5
23.Nxc5 Rxc5 24.Bxc5 d4 25.Rb6 {#r} 1-0